Geography Quiz

Random Geography or Blitz Quiz

6-Letter Asian Country Blitz Quiz Stats

 Plays Quiz Updated Jul 29, 2017

Support Sporcle.
Go Orange.
Score 0/8 Timer 02:00
1 Play Today
% Correct
Israel
79.8%
Russia
79.5%
Bhutan
78.3%
Jordan
78%
Turkey
72%
Taiwan
71%
Kuwait
69.5%
Brunei
62.3%

You're not logged in!

Compare scores with friends on all Sporcle quizzes.
OR
Log In
Forgot?

From the Vault

Superheroes Missing Double Letters

by NO_r_WAY

If you're not sure which double letters to choose, maybe you should go watch the new Deadpeel movie first.
Remove Ads.
Support Sporcle.
Get the best of Sporcle when you Go Orange. This ad-free experience offers more features, more stats, and more fun while also helping to support Sporcle. Thank you for becoming a member.

Show Comments

Extras

Top Quizzes Today


Score Distribution

Your Account Isn't Verified!

In order to create a playlist on Sporcle, you need to verify the email address you used during registration. Go to your Sporcle Settings to finish the process.

Report this User

Report this user for behavior that violates our Community Guidelines.

Details: